Los cristianos en la universidad /

Uloženo v:
Podrobná bibliografie
Korporace: Seminario de Expertos sobre la Misión de la Universidad Católica en América Latina ( Buga, Colombial), Encuentro Episcopal sobre la Presencia de la Iglesia en el Mundo Universitario de América Latina
Další autoři: Padin, Cándido (presentación) (presentación), McGrath, Marcos G. (presentación) (presentación)
Médium: Konferenční příspěvek Kniha
Jazyk:španělština
Vydáno: Bogotá, Colombia : Consejo Episcopal Latinoamericano, 1970, c1970
Edice:(Documentos CELAM ; 3)
Témata:
Tagy: Přidat tag
Žádné tagy, Buďte první, kdo vytvoří štítek k tomuto záznamu!

MARC

LEADER 00000nam^a2200000^a^4500
001 000405412
005 20250521000000.0
009 20260310121830.321
037 |a Acervo ITESO - Biblioteca 
041 |a ESP 
082 |a 282. 80  |b CELAM SEM UNI 1967 
111 |a Seminario de Expertos sobre la Misión de la Universidad Católica en América Latina (  |d 1967 :  |c Buga, Colombial) 
245 1 4 |a Los cristianos en la universidad /  |c Seminario de Expertos sobre la Misión de la Universidad Católica en América Latina, Encuentro Episcopal sobre la Presencia de la Iglesia en el Mundo Universitario de América Latina ; presen. de C. Padin, M.C. McGrath. 
264 4 |a Bogotá, Colombia :  |b Consejo Episcopal Latinoamericano,  |c 1970, c1970 
300 |a 58 p. 
336 |a texto  |b txt  |2 rdacontenido 
337 |a sin mediación  |b n  |2 rdamedio 
338 |a volumen  |b nc  |2 rdasoporte 
440 1 |a (Documentos CELAM ;  |v 3) 
649 |a XX 
650 |a Universidades Católicas -  |z Latinoamérica -  |x Congresos 
650 |a Universidades Católicas -  |z Latinoamérica -  |x Tema Principal 
650 |a Iglesia Católica en Latinoamérica 
650 |a Iglesia y Educación 
650 |a Teología Pastoral 
650 |a Catolicismo 
650 |a Cristianismo y Sociedad 
650 |a Religión 
711 |a Encuentro Episcopal sobre la Presencia de la Iglesia en el Mundo Universitario de América Latina (  |d 1967 :  |c Buga, Colombia) 
700 |a Padin, Cándido  |e (presentación) 
700 |a McGrath, Marcos G.  |e (presentación) 
910 |a Fondo General 
920 |a Impresos - Libros 
930 |a Colección General 
905 |a 101 
901 |a 0500300817  |b IT1  |c ACC  |i d77400  |u 20250521 
902 |a https://opac.biblio.iteso.mx/vufind/Record/000405412